| 000 | 01662cpcaa2200349 a 4500 | ||
|---|---|---|---|
| 001 | mm 70054114 | ||
| 003 | DLC | ||
| 005 | 20260227111614.0 | ||
| 008 | 730217|||||||||||| eng | ||
| 010 | _amm 70054114 | ||
| 040 |
_aDLC _cDLC _dDLC _edacs |
||
| 072 | 7 |
_aW _2lcmd |
|
| 245 | 0 | 0 |
_aWainwright family papers, _f1842-1941. |
| 300 |
_a20 _fitems. |
||
| 300 |
_a1 _fcontainer. |
||
| 300 |
_a0.4 _flinear feet. |
||
| 506 | 0 | _aOpen to research. | |
| 520 | 8 | _aLetters (1842-1848) of Richard Wainwright (1817-1862) to his family; two letterbooks (1900-1902) of Richard Wainwright (1849-1926) while superintendent of the United States Naval Academy, Annapolis, Md.; typescript or holograph articles on naval topics (1924 and undated); carbon copy of a letter (1941 May 27) to Richard Wainwright (1881-1944) from Dudley W. Knox; and notes (undated) on family members. | |
| 580 | _aForms part of: Naval Historical Foundation collection. | ||
| 600 | 1 | 0 |
_aWainwright, Richard, _d1817-1862 _vCorrespondence. |
| 600 | 1 | 0 |
_aWainwright, Richard, _d1849-1926. |
| 600 | 1 | 0 |
_aWainwright, Richard, _d1849-1926 _vCorrespondence. |
| 600 | 1 | 0 |
_aWainwright, Richard, _d1881-1944 _vCorrespondence. |
| 600 | 1 | 0 |
_aKnox, Dudley Wright, _d1877-1960 _vCorrespondence. |
| 600 | 3 | 0 | _aWainwright family. |
| 610 | 2 | 0 | _aUnited States Naval Academy. |
| 650 | 0 |
_aUniversities and colleges _zMaryland _zAnnapolis. |
|
| 656 | 7 |
_aNaval officers. _2itoamc |
|
| 999 |
_c39216 _d39216 |
||